00822 a2200181 4500001000700000020001800007041000800025082001000033100002100043300001000064520029100074521001100365856002400376040002500400245010800425260003600533700007100569110497 a9788574120362 apor a028.5 aHarrison, Troon. a32 p. aEra uma vez um garoto chamado Zacarias que queria porque queria ganhar um cachorro peludão com olhos da cor de chocolate. E tanto queria, que vivia sonhando com o tal cachorro, até que, numa noite, acordou e lá fora encontrou o Apanhador de Sonhos. Daí Daí, rola a história. aYear 4 u000019/000019f4.jpg aBR-BrIDEAcBR-BrIDEA10aO apanhador de sonhoscTroon Harrison; ilustrações de Ala, Lea Daniel; tradução de Gilda Aquino aSão PaulobBrinque Bookc1999 aAquino, GildaetradutoraAlaneilustradoraDaniel, Leaeilustrador